[Event "ZN-2013-0-02491"]
[Site "LSS email"]
[Date "2013.11.13"]
[Round "?"]
[White "Linart, Jakub"]
[Black "Tassinati, Mirco"]
[Result "1-0"]
[WhiteElo "607"]
[BlackElo "497"]
[PlyCount "40"]
[EventDate "2013.11.07"]
[EventType "match (corr)"]
[EventRounds "2"]
[EventCountry "GER"]
[SourceTitle "Telechess CBM 163"]
[Source "ChessBase"]
[SourceDate "2014.11.11"]
[SourceVersion "2"]
[SourceVersionDate "2014.11.11"]
[SourceQuality "1"]

1. e4 e5 2. Nf3 Nc6 3. Nc3 Bb4 4. a3 Bxc3 5. dxc3 d6 6. Bd3 Bg4 7. 0-0 Nf6 8. h3 Bxf3 9. Qxf3 0-0 10. Bg5 h6 11. Bxf6 Qxf6 12. Be2 Qg5 13. b4 Qd2 14. Rac1 a5 15. Rfd1 Qg5 16. b5 Ne7 17. a4 b6 18. c4 Ng6 19. g3 h5 20. h4 Ne7 1-0